Statystyki dla Męskie Imiona na literę T

Kliknij tutaj aby rozwiązać quiz!

Ogólne statystyki

  • Ten quiz został rozwiązany 249 razy
  • Średni wynik to 5 z 13

Statystyki odpowiedzi

Imiona% Poprawnych
Tomasz
96%
Tadeusz
89%
Tymoteusz
69%
Tymon
60%
Teodor
51%
Tobiasz
50%
Teofil
46%
Tytus
26%
Terencjusz
9%
Tyberiusz
7%
Tolisław
3%
Timur
2%
Toligniew
1%

Rozkład punktacji

Percentyl według liczby udzielonych odpowiedzi

Procent ludzi z każdym wynikiem

Twoja historia wyników

Nie rozwiązałeś tego quizu